MARC

LEADER 00000nam0a2200000 4500
001 283019
005 20231101235544.0
035 |a (RuTPU)RU\TPU\book\307039 
090 |a 283019 
100 |a 20150204d1984 k y0rusy50 ca 
101 0 |a rus 
102 |a RU 
105 |a a z 001zy 
200 1 |a Оптимизация и совершенствование технологии бурения и испытания поисковых и разведочных скважин  |e сборник научных трудов  |f Всесоюзный научно-исследовательский геологоразведочный нефтяной институт (ВНИГНИ) ; под ред. И. М. Тимохина ; А. Т. Шмарева 
210 |a Москва  |c Изд-во ВНИГНИ  |d 1984 
215 |a 175 с.  |c ил. 
320 |a Библиография в конце статей 
606 |a Геологическое бурение, разведочное  |x Нефтегазоносность  |2 stltpush  |3 (RuTPU)RU\TPU\subj\6092  |9 34051 
610 1 |a методы оптимизации 
610 1 |a применение 
610 1 |a полимеризация 
610 1 |a буровые растворы 
610 1 |a глинистые породы 
610 1 |a состав 
610 1 |a разрушение 
610 1 |a лигносульфонаты 
610 1 |a марганцевые реагенты 
610 1 |a промывочные жидкости 
610 1 |a карбонатные отложения 
610 1 |a нефть 
610 1 |a газ 
610 1 |a поисковые работы 
610 1 |a геохимические исследования 
610 1 |a гидрохимический каротаж 
675 |a 553.98:550.82  |v 3 
702 1 |a Тимохин  |b И. М.  |4 340 
702 1 |a Шмарев  |b А. Т.  |4 340 
712 0 2 |a Всесоюзный научно-исследовательский геологоразведочный нефтяной институт (ВНИГНИ)  |2 stltpush  |3 (RuTPU)RU\TPU\col\18350 
801 1 |a RU  |b 63413507  |c 20150204 
801 2 |a RU  |b 63413507  |c 20170816  |g RCR 
942 |c BK